Catálogo
 En Linea

Arcoiris de valored y colores patrios / (Registro nro. 44030)

Detalles MARC
000 -CABECERA
campo de control de longitud fija 00903nam a2200229 a 4500
001 - NÚMERO DE CONTROL
campo de control 000044541
003 - IDENTIFICADOR DEL NÚMERO DE CONTROL
campo de control OSt
005 - FECHA Y HORA DE LA ÚLTIMA TRANSACCIÓN
campo de control 20210406134242.0
008 - DATOS DE LONGITUD FIJA--INFORMACIÓN GENERAL
campo de control de longitud fija 140711s2014 dr ac 000 0 spa d
040 ## - FUENTE DE LA CATALOGACIÓN
Centro catalogador/agencia de origen DO-SdBNP
Lengua de catalogación spa
Centro/agencia transcriptor BNPHU
082 ## - NÚMERO DE LA CLASIFICACIÓN DECIMAL DEWEY
Número de clasificación xxxx
Número de documento/Ítem xxxx
100 1# - ENTRADA PRINCIPAL--NOMBRE DE PERSONA
Nombre de persona Báez García, Angela
9 (RLIN) 72552
245 10 - MENCIÓN DE TÍTULO
Título Arcoiris de valored y colores patrios /
Mención de responsabilidad, etc. Ángela Báez García ; cuidado de la edición: Coralia Akins ; diseño de interiores: Paola Carreno, Gerardo Germán ; corrección: Gerardo Germán ; presentación: Rafael Bello Andino.
260 ## - PUBLICACIÓN, DISTRIBUCIÓN, ETC.
Lugar de publicación, distribución, etc. [Santo Domingo] :
Nombre del editor, distribuidor, etc. Editora Robiou,
Fecha de publicación, distribución, etc. [2014].
300 ## - DESCRIPCIÓN FÍSICA
Extensión 117 p. :
Otras características físicas il., retrs. ;
Dimensiones 23 cm.
504 ## - NOTA DE BIBLIOGRAFÍA, ETC.
Nota de bibliografía, etc. Bibliografía : p. [122]
590 ## - NOTA LOCAL (RLIN)
Nota local Inventariado, 2020 /LP
700 1# - PUNTO DE ACCESO ADICIONAL--NOMBRE DE PERSONA
Nombre de persona Akins, Coralia,
Término indicativo de función/relación edición
9 (RLIN) 72553
700 1# - PUNTO DE ACCESO ADICIONAL--NOMBRE DE PERSONA
Nombre de persona Germán, Gerardo,
Término indicativo de función/relación corrección
9 (RLIN) 78310
700 1# - PUNTO DE ACCESO ADICIONAL--NOMBRE DE PERSONA
Nombre de persona Bello Andino, Rafael,
Término indicativo de función/relación presentación
9 (RLIN) 78311
942 ## - ELEMENTOS DE PUNTO DE ACCESO ADICIONAL (KOHA)
Fuente del sistema de clasificación o colocación Dewey Decimal Classification
Tipo de ítem Koha Libro
Existencias
Estado de retiro Estado de pérdida Fuente del sistema de clasificación o colocación Restricciones de uso No para préstamo Código de colección Localización permanente Ubicación/localización actual Ubicación en estantería Fecha de adquisición Total de préstamos Signatura topográfica completa Código de barras Fecha visto por última vez Precio válido a partir de Tipo de ítem Koha Número de copia
    Dewey Decimal Classification Excluido de préstamo Excluido de préstamo Monografías: Libros y Folletos Biblioteca Nacional Pedro Henríquez Ureña Patrimonio Dominicano En catalogación 11.07.2014   xxxx xxxx 44541-10 25.06.2020 25.06.2020 Libro  
    Dewey Decimal Classification Excluido de préstamo Préstamo restrigido Monografías: Libros y Folletos Biblioteca Nacional Pedro Henríquez Ureña Patrimonio Dominicano En catalogación 06.04.2021   xxxx xxxx 2021-1308 06.04.2021 06.04.2021 Libro e.2

Con tecnología Koha